000 02192nam0a2200373 i 4500
001 RU\NLR\BIBL_A\010302280
005 20260405113905.0
010 _a9785839709744
_950
021 _aRU
_b2014-7133
_9450
035 _a(NILC)RuMoRGB-006744771
035 _a(NLR Aleph) 010302280
090 _a10599495
_c10599495
100 _a20140404d2013 k y0rusy50 ca
101 0 _arus
102 _aRU
105 _aa|||j||||00yy
200 1 _aХимия природных и промышленных вод
_eучебное пособие
_eдля студентов, обучающихся по направлению Биология
_fТ. Н. Орлова, Д. А. Базлов, В. Ю. Орлов
_gМ-во образования и науки Российской Федерации, Ярославский гос. ун-т им. П. Г. Демидова
210 _aЯрославль
_cЯрГУ
_d2013
215 _a118 с.
_cил.
_d20
320 _aБиблиогр.: с. 115-116 (20 назв.)
606 _aЕстественные воды
_jУчебные издания для высших учебных заведений
_xГидрохимия
_91176303
_3RU\NLR\AUTH\66155081
606 1 _aПитьевая вода
_jУчебные издания для высших учебных заведений
_xКачество
_xГигиеническая оценка
_91939407
_3RU\NLR\AUTH\66886158
606 _aПромышленные сточные воды
_jУчебные издания для высших учебных заведений
_xОчистка
_9987228
_3RU\NLR\AUTH\6654340
686 1 _aН761.220.4я73-1
686 1 _aД220.12я73
686 1 _aР121.251.1я73
700 1 _8rus
_7ca
_aОрлова
_bТ. Н.
_cхимик -органик
_gТатьяна Николаевна
_3RU\NLR\AUTH\7741355
_924303
701 1 _aБазлов
_bД. А.
_gДмитрий Александрович
701 1 _8rus
_7ca
_aОрлов
_bВ. Ю.
_cд-р хим. наук, органическая химия
_gВладимир Юрьевич
_3RU\NLR\AUTH\7744511
_927451
801 0 _aRU
_bРГБ
_c20140225
_gRCR
942 _cBOOK
980 _aNBR